| 000 | 00650nam a2200241Ia 4500 | ||
|---|---|---|---|
| 003 | OSt | ||
| 005 | 20221007081829.0 | ||
| 006 | a|||||r|||| 00| 0 | ||
| 007 | ta | ||
| 008 | 221006b |||||||| |||| 00| 0 eng d | ||
| 020 | _a9781849462778 | ||
| 024 | _a45,608 | ||
| 037 | _cTextual | ||
| 040 |
_aFLL _cFLL _beng |
||
| 041 |
_2eng _aeng |
||
| 082 | _aZ5,9298, Q6 | ||
| 100 |
_aLEWANS Matthew _9697888 |
||
| 245 | 0 | _aAdministrative law and judicial deference | |
| 260 |
_aPortland _bHart Publishing USA _c2016 |
||
| 300 |
_axxii,249p. _ccm. |
||
| 942 |
_hZ5,9298, Q6 _cTEXL _2CC |
||
| 999 |
_c1164418 _d1164418 |
||